[Event "EU-ch Internet Cand 3rd"]
[Site "playchess.com INT"]
[Date "2006.01.21"]
[Round "4"]
[White "Kharlov, Andrei"]
[Black "Reich, Thomas"]
[Result "0-1"]
[WhiteElo "2558"]
[BlackElo "2419"]
[PlyCount "84"]
[EventDate "2006.01.21"]
[EventType "swiss (blitz)"]
[EventRounds "17"]
[EventCountry "GER"]
[SourceTitle "EXT 2007"]
[Source "ChessBase"]
[SourceDate "2006.11.23"]
[SourceVersion "1"]
[SourceVersionDate "2006.11.23"]
[SourceQuality "1"]

1. d4 Nf6 2. c4 g6 3. Nc3 Bg7 4. g3 O-O 5. Bg2 d6 6. e3 Nc6 7. Nge2 Bf5 8. e4
Bg4 9. f3 Bd7 10. Be3 e5 11. d5 Na5 12. b3 Ne8 13. O-O c5 14. Qc2 a6 15. a4 Nc7
16. Ra2 Qe7 17. Bd2 b6 18. Nd1 f5 19. Nf2 f4 20. gxf4 exf4 21. Nxf4 Rf7 22.
N4d3 g5 23. Bc3 Raf8 24. Bxg7 Rxg7 25. Qc3 Ne8 26. Re2 Nf6 27. e5 dxe5 28. Rxe5
Qd8 29. Re3 Nh5 30. Ng4 Bxg4 31. fxg4 Nf4 32. Be4 Qd6 33. Bf5 Qh6 34. Nxf4 gxf4
35. Re6 Qg5 36. Kh1 Rxf5 37. h3 h5 38. Rxb6 hxg4 39. Rb8+ Kh7 40. Re1 Qh4 41.
Ree8 gxh3 42. Qxh3 Qxh3# 0-1

[Event "EU-ch Internet Cand 3rd"]
[Site "playchess.com INT"]
[Date "2006.01.21"]
[Round "5"]
[White "Solodovnichenko, Yuri"]
[Black "Kharlov, Andrei"]
[Result "0-1"]
[WhiteElo "2526"]
[BlackElo "2558"]
[PlyCount "192"]
[EventDate "2006.01.21"]
[EventType "swiss (blitz)"]
[EventRounds "17"]
[EventCountry "GER"]
[SourceTitle "EXT 2007"]
[Source "ChessBase"]
[SourceDate "2006.11.23"]
[SourceVersion "1"]
[SourceVersionDate "2006.11.23"]
[SourceQuality "1"]

1. e4 c5 2. Nf3 Nc6 3. Bb5 d6 4. O-O Bd7 5. Re1 Nf6 6. h3 a6 7. Bf1 e5 8. c3 g6
9. d4 cxd4 10. cxd4 exd4 11. Nxd4 Bg7 12. Nf3 O-O 13. Qxd6 Be6 14. Qxd8 Rfxd8
15. Nc3 Nb4 16. e5 Nd7 17. Bg5 Re8 18. Rad1 h6 19. Bf4 g5 20. Bg3 Rad8 21. Nd4
Nc5 22. Nxe6 Nxe6 23. Bc4 Nc2 24. Rxd8 Rxd8 25. Rd1 Rxd1+ 26. Nxd1 Ncd4 27. Ne3
Nc6 28. Ng4 Kf8 29. Nf6 Ke7 30. Nd5+ Kd8 31. Nf6 Ke7 32. f3 Bxf6 33. exf6+ Kxf6
34. Kf2 b5 35. Bd5 Nb4 36. Bb3 Nd3+ 37. Ke3 Nxb2 38. Be1 Nc4+ 39. Kd3 Nf4+ 40.
Ke4 Nxg2 41. Bc3+ Kg6 42. a4 Nf4 43. h4 Ne6 44. hxg5 Nc5+ 45. Kd5 Nxb3 46. gxh6
Kxh6 47. axb5 axb5 48. Kc6 Kg6 49. Kxb5 Nd6+ 50. Kc6 Nf5 51. Kd5 Nc1 52. Ke4
Ne2 53. Bb2 Neg3+ 54. Kf4 Nh5+ 55. Kg4 Nh6+ 56. Kh4 Ng7 57. Kg3 Ngf5+ 58. Kf4
Ne7 59. Ba1 Nd5+ 60. Ke5 Nf6 61. Kf4 Nf5 62. Bb2 Nh5+ 63. Ke5 Nh4 64. Ke4 Ng3+
65. Kf4 Nh5+ 66. Kg4 Nf5 67. Ba1 Ne3+ 68. Kh4 Nf6 69. Kg3 Kf5 70. Bb2 Ned5 71.
Ba1 Nh5+ 72. Kh4 Nhf4 73. Kg3 Nd3 74. Bd4 N5f4 75. Ba1 Ne2+ 76. Kg2 Kf4 77. Bg7
f5 78. Bh6+ Ke5 79. Bg7+ Ke6 80. Kf1 Nef4 81. Kg1 Kd5 82. Kh2 Kc4 83. Bh6 Kc3
84. Kg3 Ne6 85. Kh4 Kd4 86. Kh5 Ke5 87. Kg6 Ndf4+ 88. Kf7 Nh5 89. Be3 Nd4 90.
Kg6 Nf4+ 91. Kf7 Nxf3 92. Bc1 Nd3 93. Bh6 Ke4 94. Kg6 Nfe5+ 95. Kf6 Ng4+ 96.
Kg6 Nxh6 0-1

[Event "EU-ch Internet Cand 3rd"]
[Site "playchess.com INT"]
[Date "2006.01.21"]
[Round "6"]
[White "Kharlov, Andrei"]
[Black "Klenburg, Mikhail"]
[Result "0-1"]
[WhiteElo "2558"]
[BlackElo "2420"]
[PlyCount "64"]
[EventDate "2006.01.21"]
[EventType "swiss (blitz)"]
[EventRounds "17"]
[EventCountry "GER"]
[SourceTitle "EXT 2007"]
[Source "ChessBase"]
[SourceDate "2006.11.23"]
[SourceVersion "1"]
[SourceVersionDate "2006.11.23"]
[SourceQuality "1"]

1. d4 d6 2. e4 Nf6 3. Nc3 g6 4. g3 Bg7 5. Bg2 O-O 6. Nge2 e5 7. d5 c6 8. dxc6
Nxc6 9. O-O Be6 10. b3 Qd7 11. Bb2 Bh3 12. Qd2 Bxg2 13. Kxg2 Rfd8 14. Rad1 Rac8
15. f3 a6 16. Na4 Qc7 17. c4 Rb8 18. Nac3 b5 19. cxb5 axb5 20. Rc1 Qa5 21. a3
b4 22. axb4 Nxb4 23. Rfd1 d5 24. Nxd5 Nfxd5 25. exd5 Rxd5 26. Qe1 Rxd1 27. Qxd1
Rd8 28. Qe1 Qb6 29. Rd1 Nd3 30. Qg1 Qxb3 31. Rb1 Qc2 32. Qf1 Nxb2 0-1

[Event "EU-ch Internet Cand 3rd"]
[Site "playchess.com INT"]
[Date "2006.01.21"]
[Round "10"]
[White "Milanovic, Danilo"]
[Black "Kharlov, Andrei"]
[Result "0-1"]
[WhiteElo "2486"]
[BlackElo "2558"]
[PlyCount "76"]
[EventDate "2006.01.21"]
[EventType "swiss (blitz)"]
[EventRounds "17"]
[EventCountry "GER"]
[SourceTitle "EXT 2007"]
[Source "ChessBase"]
[SourceDate "2006.11.23"]
[SourceVersion "1"]
[SourceVersionDate "2006.11.23"]
[SourceQuality "1"]

1. d4 d5 2. c4 e6 3. Nc3 c6 4. e3 Nf6 5. Nf3 a6 6. b3 Bb4 7. Bd2 O-O 8. Bd3 b5
9. O-O Be7 10. Ne5 Bb7 11. c5 Nfd7 12. f4 f5 13. g4 g6 14. Kh1 Nf6 15. Be1 Nbd7
16. gxf5 exf5 17. Rg1 Nxe5 18. fxe5 Ne4 19. Ne2 Bg5 20. Nf4 Bxf4 21. exf4 Bc8
22. h4 Be6 23. h5 Kf7 24. Qf3 Rh8 25. Qh3 Qc7 26. Kh2 Rag8 27. Qh4 Qd8 28. a4
Qxh4+ 29. Bxh4 Ra8 30. Rg2 bxa4 31. Rxa4 Rhb8 32. Rb2 Bc8 33. Be1 g5 34. fxg5
Nxg5 35. Kg2 Ne4 36. Kf3 Ra7 37. b4 Ke6 38. Rg2 Rba8 0-1

[Event "EU-ch Internet Cand 3rd"]
[Site "playchess.com INT"]
[Date "2006.01.21"]
[Round "11"]
[White "Kharlov, Andrei"]
[Black "Gashimov, Vugar"]
[Result "1/2-1/2"]
[WhiteElo "2558"]
[BlackElo "2625"]
[PlyCount "89"]
[EventDate "2006.01.21"]
[EventType "swiss (blitz)"]
[EventRounds "17"]
[EventCountry "GER"]
[SourceTitle "EXT 2007"]
[Source "ChessBase"]
[SourceDate "2006.11.23"]
[SourceVersion "1"]
[SourceVersionDate "2006.11.23"]
[SourceQuality "1"]

1. e4 c5 2. c3 g6 3. d4 cxd4 4. cxd4 d5 5. Nc3 dxe4 6. Nxe4 Bg7 7. Nf3 Nf6 8.
Nxf6+ Bxf6 9. Bh6 Qa5+ 10. Bd2 Qb6 11. Bc3 O-O 12. Be2 Rd8 13. Qa4 Nc6 14. Rd1
Bg4 15. d5 Bxc3+ 16. bxc3 Bxf3 17. Bxf3 Ne5 18. Be2 Rac8 19. c4 Nd7 20. O-O Nc5
21. Qa3 Qa6 22. Qe3 Qf6 23. Rd4 Rc7 24. Rfd1 b6 25. h4 Nb7 26. Rf4 Qg7 27. h5
Nd6 28. hxg6 hxg6 29. Bd3 Rdc8 30. Rg4 Qf6 31. Qg3 Kf8 32. Rf4 Qg7 33. Re1 Qc3
34. Re3 Kg7 35. Rxf7+ Nxf7 36. Qxg6+ Kf8 37. Rf3 Qa1+ 38. Kh2 Qg7 39. Qe6 Qh8+
40. Kg1 Qa1+ 41. Kh2 Qh8+ 42. Kg3 Qh5 43. Rf5 Qh7 44. Rf3 Qh5 45. Rf5 1/2-1/2

[Event "EU-ch Internet Cand 3rd"]
[Site "playchess.com INT"]
[Date "2006.01.21"]
[Round "12"]
[White "Dovramadjiev, Tihomir"]
[Black "Kharlov, Andrei"]
[Result "0-1"]
[WhiteElo "2342"]
[BlackElo "2558"]
[PlyCount "129"]
[EventDate "2006.01.21"]
[EventType "swiss (blitz)"]
[EventRounds "17"]
[EventCountry "GER"]
[SourceTitle "EXT 2007"]
[Source "ChessBase"]
[SourceDate "2006.11.23"]
[SourceVersion "1"]
[SourceVersionDate "2006.11.23"]
[SourceQuality "1"]

1. c4 e6 2. Nf3 d5 3. e3 Nf6 4. b3 c5 5. Bb2 Nc6 6. cxd5 exd5 7. Be2 Bd6 8. O-O
O-O 9. d4 cxd4 10. Nxd4 Qe7 11. Nd2 Bd7 12. Rc1 Rad8 13. Qc2 Ne4 14. Nxc6 Bxc6
15. Nf3 Rfe8 16. Bd3 h6 17. Nd4 Bd7 18. Rfd1 a6 19. Ne2 Bxh2+ 20. Kxh2 Qh4+ 21.
Kg1 Qxf2+ 22. Kh2 Rc8 23. Nc3 Qg3+ 24. Kg1 Qxe3+ 25. Kh2 Qg3+ 26. Kg1 Qe3+ 27.
Kh2 Re5 28. Qe2 Qf4+ 29. Kg1 Nxc3 30. Qd2 Qxd2 31. Rxd2 Ne4 32. Rxc8+ Bxc8 33.
Bxe4 Rxe4 34. Rxd5 Be6 35. Rd2 Kh7 36. Bd4 Kg6 37. Kf2 Rf4+ 38. Ke3 Rf5 39. b4
Bd5 40. g4 Rf3+ 41. Ke2 Bc6 42. Be3 Rg3 43. Rd4 Rg2+ 44. Bf2 Kg5 45. a4 Rxg4
46. Be3+ Kf5 47. Rd8 Rxb4 48. a5 Rb2+ 49. Kd3 Rb5 50. Rg8 Kg6 51. Bb6 h5 52.
Ke3 h4 53. Bd4 f6 54. Rh8 Rh5 55. Rxh5 Kxh5 56. Kf4 Bd7 57. Bb6 g5+ 58. Kf3 f5
59. Kf2 f4 60. Bc7 Bc6 61. Kg1 Kg4 62. Kh2 Kf5 63. Kg1 g4 64. Kf2 h3 65. Kg1
0-1

[Event "EU-ch Internet Cand 3rd"]
[Site "playchess.com INT"]
[Date "2006.01.21"]
[Round "13"]
[White "Jakovenko, Dmitrij"]
[Black "Kharlov, Andrei"]
[Result "1-0"]
[WhiteElo "2662"]
[BlackElo "2558"]
[PlyCount "125"]
[EventDate "2006.01.21"]
[EventType "swiss (blitz)"]
[EventRounds "17"]
[EventCountry "GER"]
[SourceTitle "EXT 2007"]
[Source "ChessBase"]
[SourceDate "2006.11.23"]
[SourceVersion "1"]
[SourceVersionDate "2006.11.23"]
[SourceQuality "1"]

1. e4 c5 2. Nf3 Nc6 3. Bb5 d6 4. Bxc6+ bxc6 5. O-O e5 6. c3 Nf6 7. Re1 Bg4 8.
d4 cxd4 9. cxd4 Nd7 10. Be3 Be7 11. Nbd2 O-O 12. h3 Bh5 13. Nf1 Rb8 14. b3 exd4
15. Bxd4 c5 16. Bc3 Bf6 17. Rc1 Ne5 18. Bxe5 Bxe5 19. g4 Bg6 20. Nxe5 dxe5 21.
Qxd8 Rfxd8 22. Rxc5 f6 23. Rc7 a5 24. Ra7 Ra8 25. Rxa8 Rxa8 26. Ng3 a4 27. Rc1
Bf7 28. bxa4 Bxa2 29. a5 g6 30. Rc5 Kf7 31. Ne2 Be6 32. Nc3 h5 33. f3 hxg4 34.
hxg4 Ke7 35. Kf2 Bd7 36. g5 Be6 37. gxf6+ Kxf6 38. Nd5+ Bxd5 39. Rxd5 Rb8 40.
Rd2 Ra8 41. Ra2 Ke6 42. Kg3 Ra6 43. Kg4 Kf6 44. Kh4 Kg7 45. Kg5 Kf7 46. Ra3 Kg7
47. Rb3 Rxa5 48. Rb7+ Kf8 49. Kxg6 Ra3 50. Rf7+ Ke8 51. Rf5 Kd7 52. Kf6 Kd6 53.
Rxe5 Rxf3+ 54. Rf5 Re3 55. Rd5+ Kc7 56. Rd4 Rf3+ 57. Ke6 Rf8 58. e5 Re8+ 59.
Kf6 Rf8+ 60. Ke7 Rh8 61. Rc4+ Kb6 62. e6 Rh7+ 63. Kd6 1-0

[Event "EU-ch Internet Cand 3rd"]
[Site "playchess.com INT"]
[Date "2006.01.21"]
[Round "15"]
[White "Kobalia, Mikhail"]
[Black "Kharlov, Andrei"]
[Result "1-0"]
[WhiteElo "2654"]
[BlackElo "2558"]
[PlyCount "75"]
[EventDate "2006.01.21"]
[EventType "swiss (blitz)"]
[EventRounds "17"]
[EventCountry "GER"]
[SourceTitle "EXT 2007"]
[Source "ChessBase"]
[SourceDate "2006.11.23"]
[SourceVersion "1"]
[SourceVersionDate "2006.11.23"]
[SourceQuality "1"]

1. e4 c5 2. Nf3 d6 3. d4 cxd4 4. Nxd4 Nf6 5. Nc3 Nc6 6. Bg5 e6 7. Qd2 Be7 8.
O-O-O Nxd4 9. Qxd4 O-O 10. f4 Qa5 11. Be2 h6 12. Bh4 e5 13. fxe5 dxe5 14. Qe3
Be6 15. Kb1 Rac8 16. Nd5 Nxd5 17. exd5 Bxh4 18. dxe6 fxe6 19. Bd3 Bf6 20. Qe4
Rcd8 21. Rhf1 Rd4 22. Qh7+ Kf7 23. g3 Ke7 24. c3 Rd6 25. Be4 Rxd1+ 26. Rxd1 Qb6
27. Qg6 Rd8 28. Qg4 Rxd1+ 29. Qxd1 Qc7 30. h4 b6 31. Qd3 a5 32. a4 Qc5 33. Ka2
Qd6 34. Qa6 Qc7 35. Qb5 Kf7 36. h5 Be7 37. Bg6+ Kf8 38. Qe8# 1-0

[Event "EU-ch Internet Cand 3rd"]
[Site "playchess.com INT"]
[Date "2006.01.21"]
[Round "16"]
[White "Timofeev, Artyom"]
[Black "Kharlov, Andrei"]
[Result "0-1"]
[WhiteElo "2653"]
[BlackElo "2558"]
[PlyCount "98"]
[EventDate "2006.01.21"]
[EventType "swiss (blitz)"]
[EventRounds "17"]
[EventCountry "GER"]
[SourceTitle "EXT 2007"]
[Source "ChessBase"]
[SourceDate "2006.11.23"]
[SourceVersion "1"]
[SourceVersionDate "2006.11.23"]
[SourceQuality "1"]

1. c4 e6 2. g3 d5 3. Bg2 dxc4 4. Qa4+ Nd7 5. Nf3 a6 6. Qxc4 b5 7. Qc2 Bb7 8.
O-O Ngf6 9. a4 Be7 10. b3 O-O 11. Bb2 c5 12. Nc3 Qb6 13. d3 Nd5 14. Nxd5 exd5
15. e4 dxe4 16. dxe4 Rfe8 17. Rad1 Nf8 18. Ne5 Rad8 19. axb5 axb5 20. h3 Bf6
21. f4 Rxd1 22. Rxd1 Rd8 23. Kh2 Rxd1 24. Qxd1 Qd8 25. Qe2 Qe8 26. Qd3 Ng6 27.
Qd6 Nxe5 28. fxe5 Be7 29. Qc7 Bc6 30. Ba3 h6 31. h4 Qd7 32. Qb8+ Kh7 33. Qb6 b4
34. Bc1 Qb7 35. Qxb7 Bxb7 36. Kg1 Bc8 37. Bf1 Be6 38. Bc4 Bxc4 39. bxc4 Kg8 40.
Kg2 h5 41. Kf3 Kf8 42. Ke2 Ke8 43. Kd3 Kd7 44. Ke3 Ke6 45. Kf4 g6 46. Bb2 Bd8
47. Ba1 Bc7 48. g4 f6 49. gxh5 Bxe5+ 0-1

[Event "EU-ch Internet Cand playoff1 3rd"]
[Site "playchess.com INT"]
[Date "2006.01.21"]
[Round "1.1"]
[White "Belov, Vladimir"]
[Black "Kharlov, Andrei"]
[Result "1/2-1/2"]
[WhiteElo "2608"]
[BlackElo "2558"]
[PlyCount "113"]
[EventDate "2006.01.21"]
[EventType "match (blitz)"]
[EventRounds "1"]
[EventCountry "GER"]
[SourceTitle "EXT 2007"]
[Source "ChessBase"]
[SourceDate "2006.11.23"]
[SourceVersion "1"]
[SourceVersionDate "2006.11.23"]
[SourceQuality "1"]

1. e4 c5 2. Nf3 d6 3. d4 cxd4 4. Nxd4 Nf6 5. Nc3 Nc6 6. Bg5 e6 7. Qd2 Be7 8.
O-O-O Nxd4 9. Qxd4 O-O 10. f4 Qa5 11. Bc4 Bd7 12. e5 dxe5 13. fxe5 Bc6 14. Bd2
Nd7 15. Nd5 Qd8 16. Nxe7+ Qxe7 17. Rhe1 Rfd8 18. Qg4 Nf8 19. Bd3 Rd5 20. Bb4
Qd8 21. Bd6 Ng6 22. Bxg6 hxg6 23. h4 Rc8 24. h5 gxh5 25. Qxh5 f5 26. Rh1 Rxd1+
27. Rxd1 Be4 28. Rd2 Qb6 29. b3 Qe3 30. c4 Qc3+ 31. Kd1 Qg3 32. Qe2 a6 33. Qe1
Qg4+ 34. Qe2 Qg3 35. Qe1 Qc3 36. Qh4 Re8 37. Qh5 Bc6 38. Qg5 Qa1+ 39. Ke2 Qg1
40. Qe3 Qxg2+ 41. Kd3 Qe4+ 42. Qxe4 Bxe4+ 43. Ke3 g5 44. b4 g4 45. Kf4 Kg7 46.
b5 Rh8 47. Kg5 g3 48. Be7 g2 49. Bf6+ Kf7 50. Rd7+ Ke8 51. Rd8+ Kf7 52. Rd1 Rh1
53. Rd7+ Ke8 54. Rd8+ Kf7 55. Rd7+ Ke8 56. Rd8+ Kf7 57. Rd7+ 1/2-1/2

[Event "EU-ch Internet Cand playoff1 3rd"]
[Site "playchess.com INT"]
[Date "2006.01.21"]
[Round "1.2"]
[White "Kharlov, Andrei"]
[Black "Belov, Vladimir"]
[Result "1/2-1/2"]
[WhiteElo "2558"]
[BlackElo "2608"]
[PlyCount "62"]
[EventDate "2006.01.21"]
[EventType "match (blitz)"]
[EventRounds "1"]
[EventCountry "GER"]
[SourceTitle "EXT 2007"]
[Source "ChessBase"]
[SourceDate "2006.11.23"]
[SourceVersion "1"]
[SourceVersionDate "2006.11.23"]
[SourceQuality "1"]

1. e4 c5 2. Nf3 d6 3. Bc4 Nf6 4. d3 g6 5. O-O Bg7 6. c3 O-O 7. Bb3 Nc6 8. Bg5
Rb8 9. Nbd2 b5 10. a3 Nd7 11. Re1 Nb6 12. Nf1 Bg4 13. h3 Bxf3 14. Qxf3 Qd7 15.
Qd1 a5 16. Be3 b4 17. axb4 axb4 18. Bd2 e6 19. Ne3 Ra8 20. Rxa8 Rxa8 21. Nc4
Nxc4 22. Bxc4 Ne5 23. Qb3 Nxc4 24. Qxc4 bxc3 25. bxc3 Qa4 26. Qxa4 Rxa4 27. Rc1
Ra2 28. Be3 f5 29. exf5 gxf5 30. d4 cxd4 31. cxd4 e5 1/2-1/2

[Event "EU-ch Internet Cand playoff1 3rd"]
[Site "playchess.com INT"]
[Date "2006.01.21"]
[Round "1.3"]
[White "Belov, Vladimir"]
[Black "Kharlov, Andrei"]
[Result "1-0"]
[WhiteElo "2608"]
[BlackElo "2558"]
[PlyCount "65"]
[EventDate "2006.01.21"]
[EventType "match (blitz)"]
[EventRounds "1"]
[EventCountry "GER"]
[SourceTitle "EXT 2007"]
[Source "ChessBase"]
[SourceDate "2006.11.23"]
[SourceVersion "1"]
[SourceVersionDate "2006.11.23"]
[SourceQuality "1"]

1. e4 c5 2. Nf3 d6 3. Bb5+ Bd7 4. Bxd7+ Nxd7 5. O-O Ngf6 6. Qe2 Rc8 7. b3 g6 8.
Bb2 Bg7 9. c4 O-O 10. d4 cxd4 11. Bxd4 Qa5 12. Nbd2 e6 13. Rfc1 Rfe8 14. Bc3
Qc7 15. h3 a6 16. Rab1 Qb8 17. Bb2 Nc5 18. Re1 b5 19. e5 Nfd7 20. exd6 Bxb2 21.
Rxb2 Qxd6 22. cxb5 axb5 23. Rc2 Qa6 24. Rec1 e5 25. a4 Qb7 26. Qxb5 Qd5 27. Qc4
Qb7 28. Ng5 Nb6 29. Qb5 Ncd7 30. Nde4 Rxc2 31. Rxc2 Rc8 32. Nd6 Qb8 33. Rxc8+
1-0

[Event "Moscow Aeroflot op-A"]
[Site "Moscow"]
[Date "2006.02.08"]
[Round "1"]
[White "Kharlov, Andrei"]
[Black "Movsesian, Sergei"]
[Result "0-1"]
[WhiteElo "2558"]
[BlackElo "2632"]
[Annotator "Marin,M"]
[PlyCount "99"]
[EventDate "2006.02.08"]
[EventType "swiss"]
[EventRounds "9"]
[EventCountry "RUS"]
[SourceTitle "CBM 112"]
[Source "ChessBase"]
[SourceDate "2006.06.07"]
[SourceVersion "1"]
[SourceVersionDate "2006.06.07"]
[SourceQuality "1"]

1. d4 Nf6 2. c4 e6 3. Nc3 d5 4. cxd5 exd5 5. Bg5 Bb4 $5 {An original attempt
to combine the ideas of the Queen's Gambit and the Nimzo Indian Defence.} 6.
Rc1 {White overdefends the c3-knight, anticipating not only the enemy knight
jump to e4, but also the simple capture on c3, when the rook could eventually
emerge on the third rank with great effect.} ({However, the neutral} 6. e3 {
might be a more promissing continuation.} h6 7. Bxf6 (7. Bh4 g5 8. Bg3 Ne4 $132
{[%csl Gc3]}) 7... Qxf6 8. Qb3 Qd6 9. Bd3 (9. a3 Bxc3+ 10. Qxc3 Bf5 11. Rc1 c6
12. Ne2 O-O 13. Ng3 Bg6 14. h4 Nd7 15. h5 Bh7 16. Bd3 Bxd3 17. Qxd3 Qe6 18. Ne2
Rfe8 19. Nf4 Qf6 20. Kf1 a5 21. b3 a4 22. b4 Nb6 23. g3 Nc4 24. Kg2 b5 {
1/2-1/2 Donner,J-Lombardy,W/Leipzig 1960/EXT 99}) 9... Nd7 10. Nf3 c6 11. O-O
O-O 12. a3 Ba5 (12... Bxc3 13. Qxc3 Nf6 14. b4 $14) 13. Qc2 Nf6 14. Rfc1 a6 15.
Na4 Bc7 16. Nc5 g6 17. Ne5 Kg7 18. f4 Ng8 19. b4 Ne7 20. Ra2 Re8 21. Qf2 f6 (
21... Rb8 {[%cal Yc8f5]}) 22. Qg3 $5 fxe5 23. fxe5 Qd8 24. Rf1 Rf8 25. Raf2
Rxf2 26. Rxf2 Qe8 27. Rf6 $44 {1-0 Neverov,V (2440)-Giorgadze,G (2380)/
Uzhgorod 1987/EXT 97 (42)}) 6... h6 7. Bxf6 (7. Bh4 g5 8. Bg3 Ne4 9. e3 Nxg3 $6
(9... h5 $1 $132) 10. hxg3 c6 11. Bd3 Bf8 12. Nf3 Be6 13. Qb3 b6 14. Qc2 Bg7
15. Ne5 O-O 16. f4 $16 {1-0 Epishin,V (2615)-Rodriguez Vargas,O (2235)/Logrono
1991/EXT 97 (37)}) 7... Qxf6 8. a3 Bxc3+ 9. Rxc3 O-O 10. e3 c6 11. Nf3 {
In spite of simplifications, White is well prepared for the thematical queen
side attack. However, the fact that Black can develop his light-squared bishop
on an active position absloves him of opening problems.} Bf5 $146 (11... Bg4
12. Be2 Bxf3 13. Bxf3 Nd7 14. b4 Qd6 15. O-O a6 16. Qc2 Nb6 17. Be2 Rfd8 18. a4
Rd7 $11 19. Rc1 ({Now and later, the continuation of the minority's attack with
} 19. b5 {would be met by} cxb5 20. axb5 a5 $132 {with a favourable queen side
configuration for Black. White hardly has any other active plan, meaning that
his position is not better at all.}) 19... Re7 20. g3 g6 21. Kg2 Kg7 22. Qb3 h5
$11 {1/2-1/2 Krutti,V (2350)-Zemerov,V (2420)/Nagykanizsa 1993/EXT 97 (35)})
12. Ne5 Nd7 13. Nxd7 Bxd7 {After this new exchange, Black has little trouble
maintaining the minority's attack under control.} 14. Bd3 Rfe8 15. O-O Qd6 16.
Qb1 a5 17. Rfc1 (17. b4 {could be met by} axb4 18. axb4 b5 {[%csl Gb4][%cal
Ya8a4,Ye8a8] . In the absence of knights, the weakness of the c5-square is not
too relevant.}) 17... Ra7 18. Qc2 a4 $11 {White has no effective pawn breaks
at his disposal.} 19. Qd2 Raa8 20. Rc5 b6 21. R5c3 f5 22. g3 (22. b4 axb3 23.
Rxb3 b5 {[%cal Ya8a4,Ye8a8]}) 22... g6 23. Qc2 Kg7 $6 (23... Re6 $1 $11) 24.
Be2 Re7 25. Bf3 b5 26. Rxc6 $1 Bxc6 27. Qxc6 Qxc6 28. Rxc6 $14 Raa7 29. Bxd5
Rac7 30. Kf1 Rxc6 31. Bxc6 Rc7 32. d5 Rc8 33. Bxb5 Rb8 34. Bxa4 Rxb2 35. Bc6
Kf6 36. a4 Ke7 37. h3 g5 38. Kg2 Kd6 39. g4 fxg4 40. hxg4 Ra2 41. Kf1 Ra1+ 42.
Ke2 Ra2+ 43. Kd3 Rxf2 44. a5 h5 45. a6 h4 46. a7 Ra2 47. a8=Q Rxa8 48. Bxa8 h3
49. e4 Ke5 50. d6 0-1

[Event "Moscow Aeroflot op-A"]
[Site "Moscow"]
[Date "2006.02.10"]
[Round "3"]
[White "Kharlov, Andrei"]
[Black "Volkov, Sergey"]
[Result "0-1"]
[WhiteElo "2558"]
[BlackElo "2629"]
[Annotator "Ribli"]
[PlyCount "92"]
[EventDate "2006.02.08"]
[EventType "swiss"]
[EventRounds "9"]
[EventCountry "RUS"]
[SourceTitle "CBM 112"]
[Source "ChessBase"]
[SourceDate "2006.06.07"]
[SourceVersion "1"]
[SourceVersionDate "2006.06.07"]
[SourceQuality "1"]

1. c4 Nf6 2. Nc3 e5 3. g3 Bb4 4. Bg2 O-O 5. e4 Bxc3 {Das ist der richtige
Moment fuer Bxc3, sonst spielt Weiß im nächsten Zug 6.Nge2.} 6. bxc3 c6 7. Qb3
{Mit diesem Damenzug verhindert Weiß 7...d5.} Na6 {[%cal Ga6c5,Gc5b3]} 8. Ba3
Re8 9. Ne2 d6 (9... b6 10. O-O (10. d3 Nc5 11. Bxc5 bxc5 12. O-O {1/2-1/2
Tarasova,V-Sedina,E/Chisinau 2005/(12)}) 10... Bb7 11. c5 Nxc5 12. Bxc5 Ba6 13.
Bxb6 axb6 14. c4 d6 15. a4 Qc7 16. Rfb1 Rab8 17. d3 Nd7 18. f4 Nc5 19. Qc3 Ra8
20. a5 b5 21. fxe5 dxe5 22. cxb5 cxb5 23. d4 exd4 24. Nxd4 Rac8 25. Nxb5 Qd7
$44 {0-1 Steindorsson,S-Timman,J/Reykjavik 2000/CBM 75 ext (34)}) 10. O-O Nc5
11. Qc2 Qa5 {Schwarz hat eine bequeme Stellung, in der das weiße Läuferpaar
keine Wirkung aufgrund der geschlossenen Stellung entfalten kann.} 12. Bb4 Qa6
{Eine sehr schlauer Zug: es "hängt" der c4P.} 13. d3 $2 {Eine naive
Fortsetzung.} (13. Bxc5 $5 dxc5 14. d3 $11) {wegen} 13... Ncxe4 $1 {[%cal
Rc5b4,Rc6c5][%mdl 64] Eine unerwartete kleine Kombination, wonach Schwarz die
bessere Bauerstruktur und Initiative erhält} 14. dxe4 c5 {[%csl Rb4]} 15. Qb2 (
15. a4 cxb4 16. cxb4 Be6 17. b5 Qa5 $17 {[%csl Rc4,Yc5][%cal Ga8c8,Gc8c2,Gf6d7,
Gd7c5] Die Stellung ist materiell gleich, aber Schwarz verfügt über deutlichen
Positionsvorteil.}) 15... cxb4 16. cxb4 (16. Qxb4 Be6 17. Rfd1 Rad8 $17) 16...
Qxc4 $17 17. Rfd1 Qa6 18. Rd2 {Für den Bauern hat Weiß einige Aktivitäten und
kann den d6-Bauern angreifen.} Be6 19. Rad1 Rac8 20. h3 (20. Rxd6 Qxa2 $17)
20... h5 21. Kh2 Rc7 $1 {[%cal Ge8c8,Gc8c1] Schwarz beschäftigt sich nicht mit
der Verteidigung des d6-Bauern, sondern möchte die c-Linie dominieren.} (21...
Qb6 22. f3 Red8) 22. a3 Rec8 23. Rxd6 Rc2 {[%csl Gc2][%cal Rc2b2,Rc2h2]} 24.
Qxc2 Rxc2 25. Rxa6 bxa6 {[%mdl 4096] Im Endspiel hat Schwarz Positionsvorteil;
sein Turm steht sehr aktiv und der weiße a3P ist schwach.} 26. Re1 Ra2 {
[%csl Ra3]} 27. Nc3 Rxa3 28. Nd5 a5 29. bxa5 Rxa5 30. Nxf6+ gxf6 31. Bf3 Ra2
32. Kg2 a5 {[%csl Ga2,Ga5,Ge6] Der ernfernte schwarze a-Bauer ist sehr stark,
besonders mit Unterstützung von Läufer und Turm.} 33. Bxh5 a4 34. Bg4 Bb3 {
Schwarz muss den Läufer auf dem Brett halten.} (34... Bxg4 $2 35. hxg4 a3 36.
Rd1 Rb2 (36... Re2 37. Rd8+ Kg7 38. Kf3 (38. Ra8 Rxe4 39. Kf3 $11) 38... a2 39.
Ra8) 37. Rd8+ Kg7 38. Ra8 a2 39. Kf3 $11) 35. Bd1 $1 Be6 (35... Ra1 36. Bxb3
Rxe1 37. Bxa4 Rxe4 38. Bd7 Rd4 39. Bf5 $15) 36. Bg4 Bc4 37. Rc1 Bd3 38. Kf3 Bc2
39. Bd7 Ra3+ 40. Kg4 Bxe4 41. Rc4 {[%cal Rc4a4,Rc4e4]} Bf3+ 42. Kf5 Kg7 43.
Rxa4 (43. Bxa4 Ra2 (43... Be2 44. Rb4 Rf3+ 45. Ke4 Rxf2 46. Ke3 Rh2 (46... Rg2
47. Bc6 (47. Rb2 Rxg3+ 48. Kxe2 Rg2+ $19) 47... Rh2 48. Rb2 $11) 47. Rb2 Rxh3
48. Rxe2 Rxg3+ $11) 44. Bc6 Rxf2 45. Bxf3 Rxf3+ 46. Kg4 Rf2 $17) 43... Rd3 {
Die Stellung ist materiell gleich, aber Schwarz hat deutlichen Vorteil.} 44.
Bb5 Rd2 {[%csl Rf2][%cal Rd2f2]} 45. Bc4 $6 (45. Ra1 Bg2 46. Kg4 Rxf2 $17)
45... Bd1 $19 {[%cal Rd1a4,Rd1c2,Rc2f5]} 46. Ra2 Bc2+ 0-1